Top 10 Tallest NBA Players - Statistics

General Stats
  • This quiz has been taken 41 times
  • The average score is 3 of 10
Answer Stats
Height Name % Correct
7 ft 7 in Manute Bol
92%
7 ft 6 in Yao Ming
71%
7 ft 7 in Gheorghe Muresan
50%
7 ft 6 in Shawn Bradley
50%
7 ft 5 in Tacko Fall
37%
7 ft 4 in Mark Eaton
26%
7 ft 5 in Sim Bhullar
5%
7 ft 5 in Chuck Nevitt
0%
7 ft 5 in Pavel Podkolzin
0%
7 ft 4 in Slavko Vranes
0%
No matching quizzes found
Score Distribution
Percent of People with Each Score
Percentile by Number Answered
Your Score History
You have not taken this quiz